| 000 | 00390nam a2200157Ia 4500 | ||
|---|---|---|---|
| 008 | 230312s9999||||xx |||||||||||||| ||und|| | ||
| 020 | _a0-07-064815-9 | ||
| 082 |
_a621.382 _bNAG-P |
||
| 100 | _aNag;P.K | ||
| 245 | 0 | _aPower Plant Engineering | |
| 260 |
_bTata McGraw Hill _aIndia _c2012 |
||
| 300 | _a973 | ||
| 546 | _aEng. | ||
| 650 |
_aEngineering _vPower Plant Engineering |
||
| 942 | _cBK | ||
| 999 |
_c9510 _d9510 |
||